| 000 | 00868caa a22002417a 4500 | ||
|---|---|---|---|
| 999 |
_c410026 _d410026 |
||
| 001 | 123170 | ||
| 003 | UA-OsUOA | ||
| 005 | 20200111223115.0 | ||
| 007 | ta | ||
| 008 | 20170606b un ||||| |||| 00| 0 ukr d | ||
| 040 |
_aUA-OsUOA _bukr _cUA-OsUOA _dUA-OsUOA |
||
| 041 | _aukr | ||
| 080 | _a908 | ||
| 090 |
_a908 _bШ50 |
||
| 100 | _aШершньова О. | ||
| 245 |
_aПроблеми розвитку туризму в малих містах України (на прикладі Острога) _cО. Шершньова |
||
| 300 | _aС. 210–215 | ||
| 650 | 7 |
_a908 Краєзнавство _2UDC |
|
| 773 | 0 |
_0340235 _9367088 _dОстрог НаУОА 2007 _o113686 _tОстрозький краєзнавчий збірник _w(UA-OsUOA) 54426 |
|
| 942 |
_cBKA _2udc |
||
| 955 | _a1 | ||